000 00762nam a2200253Ia 4500
003 OSt
005 20220925233722.0
006 a|||||r|||| 00| 0
007 ta
008 220923b |||||||| |||| 00| 0 eng d
020 _a9788126139224
_c637.5
037 _b898, 18/03/2014, Pranami Book Service
_cGeneral Book
040 _aRTL
_cRTL
_beng
041 _2eng
_aeng
082 _aX:89F, P9
100 _aRAMACHANDRAN R.
_939470
245 0 _aManagement accounting.
260 _a New Delhi
_bAnmol Publications
_c2009
300 _aviii, 506p
_ccm.
500 _aBibliography: p 196-200
650 _aCommerce
942 _hX:89F, P9
_cGB
_2CC
999 _c594407
_d594407